Photoshop 7 : εικονική διδασκαλία
Αποθηκεύτηκε σε:
| Κύριος συγγραφέας: | |
|---|---|
| Μορφή: | Βιβλίο |
| Γλώσσα: | Greek English |
| Δημοσίευση: |
Αθήνα :
Γκιούρδας,
2003.
|
| Θέματα: | |
| Ετικέτες: |
Προσθήκη ετικέτας
Δεν υπάρχουν, Καταχωρήστε ετικέτα πρώτοι!
|
MARC
| LEADER | 00000cam a2200000 i 4500 | ||
|---|---|---|---|
| 001 | 1/14714 | ||
| 008 | 110825s2003 gr | ||| |||| ||gre|| | ||
| 020 | |a 0072223081 | ||
| 035 | |l 10110687 | ||
| 040 | |a GR-MyUa |b gre |e AACR2 | ||
| 041 | 1 | |a gre |h eng | |
| 082 | 7 | |a 006.6869 |2 (22) | |
| 100 | 1 | |a Milburn, Ken, |d 1935- | |
| 245 | 1 | 0 | |a Photoshop 7 : |b εικονική διδασκαλία / |c Ken Milburn ; απόδοση Β. Κοκκινάκη, Ν. Τσέλιου. |
| 260 | |a Αθήνα : |b Γκιούρδας, |c 2003. | ||
| 300 | |a 311 σ. : |b πιν. ; |c 21 εκ. + |e 1 οπτική δισκέτα λέιζερ Η/Υ (4 3/4 ίν.) | ||
| 500 | |a Τίτλος πρωτοτύπου: Photoshop 7. | ||
| 500 | |a Περιλαμβάνει ευρετήριο. | ||
| 630 | 0 | 0 | |a Adobe Photoshop. |
| 650 | 0 | |a Computer graphics. | |
| 852 | |a INST |b LESVOS |e 20110825 |h 006.6869 MIL |p 005100049918 |q 005100049918 |t BK |y 0 | ||
| 852 | |a INST |b LESVOS |e 20110825 |h 006.6869 MIL |p 005100049917 |q 005100049917 |t BK |y 0 | ||
| 901 | |a BIBL1-2011-2 | ||
| 970 | |a ΚΑΜΑΤΣΟΥ |b ΔΕΣΠΟΙΝΑ |z 2011/08/25 | ||